| 000 | 00695nam a2200205Ia 4500 | ||
|---|---|---|---|
| 005 | 20260212143809.0 | ||
| 008 | 241129s9999||||xx |||||||||||||| ||und|| | ||
| 020 | _a9780812245189 | ||
| 040 |
_aRTL _beng _cRTL |
||
| 041 |
_aeng _2eng |
||
| 084 |
_aY:45151 Q3 _qRTL |
||
| 100 |
_aMibenge Chiseche Salome _9725218 |
||
| 245 | 0 | _aSex and international tribunals: The erasure of gender from the war narrative | |
| 260 |
_aPhiladelphia _bUniversity of Pennsylvania Press _c2013 |
||
| 300 |
_a 237 p. _bIncludes bibliographical references and index |
||
| 365 |
_aINR _b2487.75 |
||
| 650 |
_aGender Studies _91115426 |
||
| 942 |
_cGB _hY:45151 Q3 _2CC _n0 |
||
| 999 |
_c1224860 _d1224860 |
||